书目信息 |
| 题名: |
气候变化、生物多样性和荒漠化问题动态参考年度辑要
|
|
| 作者: | ;国家林业局 主编 | |
| 分册: | 2016 | |
| 出版信息: | 北京 中国林业出版社 2017 |
|
| 页数: | 120页 | |
| 开本: | 26cm | |
| 丛书名: | ||
| 单 册: | ||
| 中图分类: | P467 , X176 | |
| 科图分类: | ||
| 主题词: | 气候变化--qi hou bian hua--对策--研究--世界 , 生物多样性--sheng wu duo yang xing--对策--研究--世界 , 沙漠化--sha mo hua--对策--研究--世界 | |
| 电子资源: | ||
| ISBN: | 978-7-5038-8985-1 | |
| 000 | 01264nam0 2200277 450 | |
| 001 | 012001000511 | |
| 005 | 20191108081400.96 | |
| 010 | @a978-7-5038-8985-1@dCNY68.00 | |
| 099 | @aCAL 012017132987 | |
| 100 | @a20170626d2017 em y0chiy50 ea | |
| 101 | 0 | @achi |
| 102 | @aCN@b110000 | |
| 105 | @ay z 000yy | |
| 106 | @ar | |
| 200 | 1 | @a气候变化、生物多样性和荒漠化问题动态参考年度辑要@Aqi hou bian hua 、 sheng wu duo yang xing he huang mo hua wen ti dong tai can kao nian du ji yao@h2016@f国家林业局经济发展研究中心主编 |
| 210 | @a北京@c中国林业出版社@d2017 | |
| 215 | @a120页@d26cm | |
| 330 | @a《气候变化、生物多样性和荒漠化问题动态参考辑要 (2016) 》密切跟踪国际生态治理进程和各国生态建设情况, 力图及时、客观、准确地搜集、分析、整理国际气候变化、生物多样性和荒漠化领域的重要行动和政策信息, 供有关领导和管理部门了解情况和决策参考, 动态参考也为相关研究人员提供大量的信息资料。 | |
| 606 | 0 | @a气候变化@Aqi hou bian hua@x对策@x研究@y世界 |
| 606 | 0 | @a生物多样性@Asheng wu duo yang xing@x对策@x研究@y世界 |
| 606 | 0 | @a沙漠化@Asha mo hua@x对策@x研究@y世界 |
| 690 | @aP467@v5 | |
| 690 | @aX176@v5 | |
| 711 | 02 | @a国家林业局@AGuo Jia Lin Ye Ju@b经济发展研究中心@4主编 |
| 801 | 0 | @aCN@b北京卓展文化@c20191020 |
| 905 | @b1196277-9@dP467@e141(2016)@f3 | |
| 气候变化、生物多样性和荒漠化问题动态参考年度辑要.2016/国家林业局经济发展研究中心主编.-北京:中国林业出版社,2017 |
| 120页;26cm |
| ISBN 978-7-5038-8985-1:CNY68.00 |
| 《气候变化、生物多样性和荒漠化问题动态参考辑要 (2016) 》密切跟踪国际生态治理进程和各国生态建设情况, 力图及时、客观、准确地搜集、分析、整理国际气候变化、生物多样性和荒漠化领域的重要行动和政策信息, 供有关领导和管理部门了解情况和决策参考, 动态参考也为相关研究人员提供大量的信息资料。 |
| ● |
| 相关链接 |
|
|
|
|
正题名:气候变化、生物多样性和荒漠化问题动态参考年度辑要
索取号:P467/141(2016)
 
预约/预借
| 序号 | 登录号 | 条形码 | 馆藏地/架位号 | 状态 | 备注 |
| 1 | 1196277 | 211962777 | 第二样本阅览室/ [索取号:P467/141(2016)] | 在馆 | |
| 2 | 1196278 | 211962786 | 第三借阅区/ [索取号:P467/141(2016)] | 在馆 | |
| 3 | 1196279 | 211962795 | 第三借阅区/ [索取号:P467/141(2016)] | 在馆 |